000 00655nam a22002177a 4500
005 20141017074752.0
008 951002s1996 nyua 000 0 eng
020 _a0070464766
024 0 _ceng
080 _a174.4
100 1 _aNewstrom, John W.
245 1 4 _aThe big book of business games :
_cJohn W. Newstrom and Edward E. Scannell.
250 _a1 st.ed.;
260 _aNew York :
_bMcGraw-Hill,
_c1996.
300 _a170 f. :
_bme il.;
_c23 cm.
650 0 _aKomunikimi në menaxhim
650 0 _aMenaxhimi
650 0 _aLojërat
700 1 _aScannell, Edward E.
942 _2udc
_cBK
999 _c525
_d525